=LDR 00000nam 2200000 4500 =001 INLIS000000000033154 =005 20260311093657 =035 ##$$a 0010-061300000033154 =008 260311################g##########0#ind## =041 ##$$a ind =082 ##$$a 344.01 =090 ##$$a 344.01, Suh p =100 #$$a Gunarto suhardi =245 1#$$a Perlindungan hukum bagi para pekerja kontrak outsourcing /$c Gunarto suhardi =260 ##$$a Universitas Atma Jaya :$b Yogyakarta,$c 2006 =300 ##$$a x, 53 hlm. : $b Ilus. ; $c 23 cm =650 #4$$a Hukum Perubahan =850 ##$$a NBPNMAT =020 ##$$a 979-9243-72-6 =084 ##$$a 344.01 GUN p =250 ##$$a Cet. 1 =990 ##$$a 0274/BPAP-NTB/2015 =990 ##$$a 2090100413/BPAP-NTB/2015 =990 ##$$a 0274/BPAP-NTB/2015 =990 ##$$a 2090100413/BPAP-NTB/2015 =990 ##$$a 0274/BPAP-NTB/2015 =990 ##$$a 2090100413/BPAP-NTB/2015 =990 ##$$a 2090100413/BPAP-NTB/2015 =990 ##$$a 0274/BPAP-NTB/2015